000 00587nam a22002417a 4500
003 UA-OsUOA
001 31398
007 ta
008 20041220b un ||||| |||| 00| 0 ukr d
100 _aЯнин В. Л.
090 _a930.1
_bЯ62
942 _cBK
040 _aUA-OsUOA
_brus
_cUA-OsUOA
_dUA-OsUOA
245 _aОчерки комплекмного источниковедения
300 _a240 с.
955 _a0
041 _arus
080 _a930.1
260 _aМосква
_bВысшая школа
_c1977
044 _aRU
650 7 _2UDC
999 _c317822
_d317822